000
00330pam a2200157a 44500
008
230515b1980 xxu||||| |||| 00| 0 eng d
020
_a
NULL
041
_a
ENGL
082
_a
621.381/GRO
100
_a
GROB
245
_a
BASIC ELECTRONICS
250
_a
5
260
_a
NULL
_b
Mc. G
_c
1980
300
_a
937PB
650
_a
NULL
999
_c
615717
_d
615717